[Event "Novokuznetsk SFO-ch U15"]
[Site "Novokuznetsk"]
[Date "2014.11.07"]
[Round "6"]
[White "Timchenko, Nikita"]
[Black "Listov, Ivan"]
[Result "1-0"]
[WhiteElo "1721"]
[BlackElo "1807"]
[PlyCount "123"]
[EventDate "2014.11.02"]
[EventType "swiss"]
[EventRounds "9"]
[EventCountry "RUS"]
[SourceTitle "CBM 163 Extra"]
[Source "ChessBase"]
[SourceDate "2014.12.23"]
[SourceVersion "1"]
[SourceVersionDate "2014.12.23"]
[SourceQuality "1"]

1. d4 d5 2. c4 e6 3. cxd5 exd5 4. Nc3 Nf6 5. Bg5 Nbd7 6. e3 c6 7. Nf3 Be7 8. Bd3 0-0 9. Qc2 Re8 10. 0-0 Nf8 11. Rfe1 Nh5 12. Bxe7 Rxe7 13. e4 Nf4 14. exd5 Rxe1+ 15. Rxe1 Nxd3 16. Qxd3 cxd5 17. Re5 Qb6 18. Re8 Qc6 19. Qb5 a6 20. Nxd5 Qc1+ 21. Qf1 Qxf1+ 22. Kxf1 f6 23. Ne7+ Kf7 24. Rxc8 Rxc8 25. Nxc8 Ke6 26. Ke2 b5 27. a4 Kd7 28. Na7 Kc7 29. axb5 Kb7 30. Nc6 axb5 31. Na5+ Kb6 32. Nb3 Ne6 33. Ke3 Kc6 34. Ke4 Kd6 35. h4 g6 36. g4 h6 37. Nfd2 Nc7 38. Nc5 Nd5 39. f4 Nb4 40. Nf3 Nc6 41. Nd3 Na5 42. g5 f5+ 43. Ke3 h5 44. Nfe5 Kd5 45. Nc5 Nc4+ 46. Nxc4 Kxc4 47. b3+ Kd5 48. Kd3 Kc6 49. b4 Kd5 50. Nd7 Ke6 51. Ne5 Kd5 52. Nxg6 Kd6 53. Ne5 Ke7 54. d5 Kd6 55. g6 Ke7 56. g7 Kd6 57. g8Q Ke7 58. Qf7+ Kd6 59. Qe6+ Kc7 60. Qd7+ Kb8 61. Nc6+ Ka8 62. Qa7# 1-0